Loading...
| Science - Physics | 0 | 7 | 1 | 1 | 65 | 71 | 101.71 | 1 | 4 |
| Fine Arts - Painting and Sculpture | 0 | 5 | 1 | 1 | 45 | 77 | 125.00 | 1 | 2 |
| Science - Other Science | 0 | 4 | 0 | 0 | 40 | 50 | 69.25 | 3 | 3 |
| Social Science | 0 | 3 | 0 | 0 | 30 | 78 | 83.67 | 1 | 3 |
| Literature - World Literature | 0 | 3 | 0 | 1 | 30 | 94 | 114.00 | 0 | 0 |
| Philosophy | 0 | 3 | 1 | 0 | 25 | 56 | 94.00 | 0 | 1 |
| Fine Arts - Other Fine Arts | 0 | 3 | 1 | 0 | 25 | 87 | 98.67 | 0 | 1 |
| Literature - American Literature | 0 | 2 | 0 | 1 | 20 | 139 | 141.00 | 0 | 0 |
| Literature - British Literature | 0 | 2 | 0 | 0 | 20 | 89 | 113.50 | 1 | 1 |
| Science - Chemistry | 0 | 2 | 0 | 0 | 20 | 109 | 112.00 | 0 | 0 |
| History - Other History | 0 | 2 | 0 | 1 | 20 | 117 | 129.00 | 1 | 1 |
| Pop Culture | 0 | 1 | 0 | 0 | 10 | 97 | 97.00 | 0 | 0 |
| History - American History | 0 | 1 | 0 | 0 | 10 | 122 | 122.00 | 0 | 0 |
| Mythology | 0 | 1 | 0 | 1 | 10 | 148 | 148.00 | 0 | 0 |
| History - World History | 0 | 1 | 1 | 1 | 5 | 127 | 127.00 | 0 | 0 |
| Literature - European Literature | 0 | 0 | 1 | 0 | -5 | 0.00 | 0 | 0 | |
| Other Academic | 0 | 0 | 1 | 0 | -5 | 0.00 | 0 | 0 |